Hacia una enseñanza vitalizada de las ciencias sociales
Kaydedildi:
| Yazar: | |
|---|---|
| Materyal Türü: | Kitap |
| Dil: | İspanyolca |
| Baskı/Yayın Bilgisi: |
Santiago
Del Pacífico
1975
|
| Konular: | |
| Etiketler: |
Etiketle
Etiket eklenmemiş, İlk siz ekleyin!
|
MARC
| LEADER | 00000nam a2200000 a 4500 | ||
|---|---|---|---|
| 001 | UCW3829 | ||
| 003 | CL-VaPUC | ||
| 005 | 20231108161821.0 | ||
| 008 | 890413e19750000CL |||||||||||||||||spa|d | ||
| 999 | |c 217714 |d 217712 | ||
| 040 | |c Pontificia Universidad Católica de Valparaíso | ||
| 082 | 0 | 4 | |a 372.83 |b BOT |2 21 |
| 100 | 0 | |a Botarro Castro, Iris Delfina |e author |9 308228 | |
| 245 | 1 | 0 | |a Hacia una enseñanza vitalizada de las ciencias sociales |
| 260 | |a Santiago |b Del Pacífico |c 1975 | ||
| 300 | |a 172 p | ||
| 583 | |a last modification |c 20131129 01:37:35 |k Rodrigo Vera | ||
| 650 | 0 | |a Ciencias sociales |9 256351 | |
| 650 | 0 | |a Estudio y enseñanza |9 270395 | |
| 650 | 0 | |a Educación básica |9 224933 | |
| 650 | 0 | |a Educación media |9 499610 | |
| 942 | |c BK |2 ddc | ||
| 945 | |d 19890413 00:00:00 | ||
| 952 | |0 0 |1 0 |4 0 |6 372_830000000000000_BOT_1975 |7 0 |8 P |9 205825 |a BIBEDU |b BIBEDU |c BIBEDU_PB |d 2019-11-15 |i 2737647 |o 372.83 BOT 1975 |p 2737647 |r 2024-01-25 |w 2019-11-15 |y BK |k EDU | ||
| 952 | |0 0 |1 0 |4 0 |6 372_830000000000000_BOT_1975 |7 0 |8 P |9 205826 |a BIBEDU |b BIBEDU |c BIBEDU_PB |d 2019-11-15 |i 160192K |o 372.83 BOT 1975 |p 160192K |r 2024-01-25 |w 2019-11-15 |y BK |k EDU | ||